MESTSKÁ KNIŽNICA GIRALTOVCE  - online katalóg 

Synovia šťasteny (Record no. 8058)

000 -NÁVESTIE
fixed length control field 00729nam a2200217 a 4500
008 - ÚDAJE S PEVNOU DĹŽKOU – VŠEOBECNÉ INFORMÁCIE
fixed length control field 051114s2005||||xo g 000 f slo d
020 ## - MEDZINÁRODNÉ ŠTANDARDNÉ ČÍSLO KNIHY (ISBN)
Medzinárodné štandardné číslo knihy (ISBN) 8055110689
Qualifying information (viaz.)
Údaje o dostupnosti 499
040 ## - ZDROJ KATALOGIZÁCIE
Pôvodná katalogizujúca agentúra SNK
Jazyk katalogizácie slo
Prepisujúca agentúra SNK
041 1# - KÓD JAZYKA
Kód jazyka textu/zvukovej stopy alebo samostatných nápisov slo
Kód jazyka originálu a/alebo sprostredkujúcich prekladov textu eng
044 ## - KÓD KRAJINY VYDAVATEĽA/PRODUCENTA
Kód krajiny MARC xo
Kód krajiny ISO SK
-- SK
072 #7 - KÓD PREDMETOVEJ KATEGÓRIE
Kód predmetovej kategórie 821.111-3
Pododdiel kódu predmetovej kategórie Anglická próza, anglicky písaná
Zdroj konspekt
080 ## - ČÍSLO MEDZINÁRODNÉHO DESATINNÉHO TRIEDENIA (MDT)
Číslo Medzinárodného desatinného triedenia (MDT) 821.111-31
Identifikátor vydania 2001
100 1# - OSOBNÉ MENÁ – VŠEOBECNÉ INFORMÁCIE
Osobné meno Archer, Jeffrey
Dátumy súvisiace s menom 1940-
240 10 - UNIFIKOVANÝ NÁZOV
Unifikovaný názov Sons of fortune
Jazyk diela Slovensky
245 10 - NÁZOV
Názov Synovia šťasteny
Údaj o zodpovednosti atď. Jeffrey Archer ; [z anglického originálu preložila Dáša Zvončeková]
250 ## - ÚDAJ O PORADÍ VYDANIA
Údaj o poradí vydania [1. vyd.]
260 ## - VYDAVATEĽSKÉ ÚDAJE, DISTRIBÚCIA ATĎ.
Miesto publikovania, distribúcie atď. Bratislava
Názov vydavateľa, distibútora atď. Ikar
Dátum publikovania, distribúcie atď. 2005
300 ## - FYZICKÝ POPIS
Rozsah 463 s.
Rozmery 21 cm
700 1# - PRIDANÝ VSTUP – OSOBNÉ MENO
Osobné meno Zvončeková, Dáša
Dátumy súvisiace s menom 1953-
Kód roly trl
765 0# - VÄZBA NA PÔVODNÝ JAZYK
Názov Sons of fortune
Záhlavie hlavného vstupu Archer, Jeffrey, 1940-
Holdings
Stav stiahnutia (Blokovanie) (Withrawn status) Stav straty Zdroj klasifikácie pre skladovanie Stav poškodenia (Damaged status) Nie pre výpožičky (Not for loan) Spôsob nadobudnutia (Collection code) Trvalé umiestnenie Aktuálne umiestnenie Dátum nadobudnutia Náklady, bežná kúpna cena Inventárne číslo (prírastkové číslo) Celkom výpožičky Full call number Čiarový kód Dátum posledného výskytu Dátum poslednej výpôžičky Cena s účinnosťou od Typ jednotky Koha
          Kúpa Mestská knižnica Giraltovce Mestská knižnica Giraltovce 2019-11-29 499.00 07536 1 B1738 B1738 2020-06-09 2020-02-24 2019-11-29 Krásna literatúra pre dospelých

Powered by Koha